00295 2200133 4500001002100000005001500021035002000036245004400056300000700100260002200107082000800129084001200137990001200149INLIS00000000000207920250527095254 a0010-0525000371 aKamus Pengetahuan Umum /cRohmat Kurnia a91 bAneka Ilmu,c2008 a500 a500 KAM a0713224